India's water wealth: (Record no. 46420)
[ view plain ]
| 000 -LEADER | |
|---|---|
| fixed length control field | 00511nam a22001697a 4500 |
| 008 - FIXED-LENGTH DATA ELEMENTS--GENERAL INFORMATION | |
| fixed length control field | 230622b |||||||| |||| 00| 0 eng d |
| 040 ## - CATALOGING SOURCE | |
| Original cataloging agency | National Science Library |
| Transcribing agency | National Science Library |
| 080 ## - UNIVERSAL DECIMAL CLASSIFICATION NUMBER | |
| Universal Decimal Classification number | 627.1(540) |
| Item number | L5 |
| 100 1# - MAIN ENTRY--PERSONAL NAME | |
| Personal name | Rao, K L |
| 9 (RLIN) | 12207 |
| 245 ## - TITLE STATEMENT | |
| Title | India's water wealth: |
| Remainder of title | Its assessment, uses and projections |
| 260 ## - PUBLICATION, DISTRIBUTION, ETC. | |
| Place of publication, distribution, etc. | New Delhi: |
| Name of publisher, distributor, etc. | Orient Longmann Ltd, |
| Date of publication, distribution, etc. | 1975 |
| 300 ## - PHYSICAL DESCRIPTION | |
| Extent | xvi, 255p. |
| 365 ## - TRADE PRICE | |
| Price amount | 35.00 |
| Currency code | INR |
| 650 ## - SUBJECT ADDED ENTRY--TOPICAL TERM | |
| Topical term or geographic name entry element | Water resource |
| 653 ## - INDEX TERM--UNCONTROLLED | |
| Uncontrolled term | Drought areas |
| 942 ## - ADDED ENTRY ELEMENTS (KOHA) | |
| Source of classification or shelving scheme | Universal Decimal Classification |
| Koha item type | Books |
| Withdrawn status | Lost status | Source of classification or shelving scheme | Damaged status | Not for loan | Home library | Current library | Shelving location | Date acquired | Total Checkouts | Full call number | Barcode | Date last seen | Price effective from | Koha item type |
|---|---|---|---|---|---|---|---|---|---|---|---|---|---|---|
| Universal Decimal Classification | National Science Library | National Science Library | GF/Rk-13/C-16/R-6 | 27/03/1976 | 627.1(540) L5 | 66146 | 22/06/2023 | 27/03/1976 | Books |